000 01148nam a2200325 i 4500
001 000027881
003 DO-SdBNP
005 20240520190011.0
007 ta
008 110405s1986 dr 001 0bspa d
040 _aDO-SdBNP
_bspa
_cBNPHHU
_erda
082 4 _a291.092
_bG216p
_222
100 1 _aCamilo, Antonio
_954953
245 1 0 _aEl Padre García /
_cAntonio Camilo ; selección Monseñor Rafael Bello Peguero Pbro.
264 1 _aSanto Domingo :
_bAmigo del Hogar,
_c1986.
300 _a51 páginas
_c23 cm.
336 _2rdacontent
_atexto
_btxt
337 _2rdamedia
_asin mediación
_bn
338 _2rdacarrier
_avolumen
_bnc
490 0 _aHombres de Iglesia
_v1
504 _aIncluye bibliografía y notas al pie de páginas.
590 _aInventariado, 2018/VM
600 1 4 _aGarcía Tejera José Rafael,
_cPadre,
_d1841-1886
_954954
650 0 _aClero
_919068
650 4 _aIglesia católica
_zRepública Dominicana
_xHistoria
_9358
700 1 _aBello Peguero, Rafael,
_d1932-2022
_eselección
_92405
700 1 _aChez Checo, José,
_d1949-
_epresent.
_910145
910 _aValidado. Control de calidad EMS
942 _2ddc
_cLBS1
999 _c27373
_d27373